रस्सी (Record no. 294409)

MARC details
000 -LEADER
fixed length control field 00882nam a2200253Ia 4500
003 - CONTROL NUMBER IDENTIFIER
control field OSt
005 - DATE AND TIME OF LATEST TRANSACTION
control field 20221121124520.0
008 - FIXED-LENGTH DATA ELEMENTS--GENERAL INFORMATION
fixed length control field 220922b |||||||| |||| 00| 0 mal d
020 ## - INTERNATIONAL STANDARD BOOK NUMBER
International Standard Book Number 8172013353 (hbk)
037 ## - SOURCE OF ACQUISITION
Terms of availability Textual
040 ## - CATALOGING SOURCE
Original cataloging agency ARTS
Transcribing agency ARTS
Language of cataloging mal
041 ## - LANGUAGE CODE
Source of code mal
Language code of text/sound track or separate title mal
100 ## - MAIN ENTRY--PERSONAL NAME
Personal name पिळळ, तकषि शिवशंकर; चतुर्वेदी, सुधांशु
9 (RLIN) 157519
245 #0 - TITLE STATEMENT
Title रस्सी
246 ## - VARYING FORM OF TITLE
Title proper/short title Rassī
260 ## - PUBLICATION, DISTRIBUTION, ETC.
Place of publication, distribution, etc. नयी दिल्ली
Name of publisher, distributor, etc. साहित्य अकादमी
Date of publication, distribution, etc. 1992
300 ## - PHYSICAL DESCRIPTION
Extent 1043पृ0
Dimensions cm.
942 ## - ADDED ENTRY ELEMENTS (KOHA)
Classification part O32,3N12,RA, 152N2
Koha item type Textual
Source of classification or shelving scheme Colon Classification (CC)
Holdings
Withdrawn status Lost status Damaged status Not for loan Home library Current library Date acquired Total Checkouts Full call number Barcode Date last seen Price effective from Koha item type
        Arts Library Arts Library 2022-09-23   O32,3N12,RA 152N2 AL1217167 2022-09-23 2022-09-23 Textual
Copyright @ Delhi University Library System